Proceedings Fifth Round-Table Conference on Dipterocarps, Chiang Mai, Thailand 7-10 November 1994

Bibliographic Details
Corporate Authors: Round-Table Conference on Dipterocarps, Institut Penyelidikan Perhutanan Malaysia (FRIM)
Other Authors: Appanah, Khoo
Format: Book
Published: Kuala Lumpur : Institut Penyelidikan Perhutanan Malaysia , 1996
Subjects:

MARC

LEADER 00000cam a2200000 7i4500
001 0000000207
005 20000719.0
020 0 0 |a 983959253X 
090 0 0 |a 634.973163   |b ROU 1996 
110 1 0 |a Round-Table Conference on Dipterocarps   |i 5th   |k 1994   |j Chiang Mai, Thailand 
245 1 0 |a Proceedings Fifth Round-Table Conference on Dipterocarps, Chiang Mai, Thailand 7-10 November 1994   |c editors S.Appanah & K.C. Khoo 
260 0 0 |a Kuala Lumpur :   |b Institut Penyelidikan Perhutanan Malaysia ,   |c 1996 
300 |a xviii, 542 p. :   |b ill. ;   |c 25 cm. 
650 0 0 |a Dipterocarpaceae   |x Congresses 
650 0 0 |a Dipterocarpaceae   |z Asia, Southeastern   |x Congresses 
650 0 0 |a Forests and forestry   |z Asia, Southeastern   |x Congresses 
700 0 1 |a Appanah   |h S. 
700 0 1 |a Khoo   |h K. C. 
710 1 1 |a Institut Penyelidikan Perhutanan Malaysia (FRIM) 
999 |a 0000001031   |b Monograph   |c Open Shelf   |e Default branch 
999 |a 0000001255   |b Monograph   |c Open Shelf   |e Default branch 
999 |a 0000001362   |b Monograph   |c Reference   |e Default branch